[Event "Titled Tue 20th May Early"]
[Site "chess.com INT"]
[Date "2025.05.20"]
[Round "8"]
[White "Vokhidov, Shamsiddin"]
[Black "Rustamov, Rustam"]
[Result "1-0"]
[WhiteTitle "GM"]
[BlackTitle "FM"]
[WhiteElo "2641"]
[BlackElo "2323"]
[WhiteFideId "14204223"]
[BlackFideId "13440110"]
[EventDate "2025.05.20"]

1. e4 c5 2. Nf3 d6 3. Bb5+ Bd7 4. c4 Nf6 5. Nc3 Nc6 6. d4 cxd4 7. Nxd4 e5 8. Nf5
Bxf5 9. exf5 Be7 10. O-O O-O 11. Be3 a6 12. Ba4 Rc8 13. Rc1 Kh8 14. a3 Na5 15.
b3 Nc6 16. b4 Qd7 17. Nd5 Qd8 18. Bb6 Qe8 19. Re1 Nd7 20. Be3 Nf6 21. Nxf6 gxf6
22. Qd2 Rg8 23. Red1 Qd7 24. Qd3 Rg4 25. h3 Rg7 26. c5 Rcg8 27. g3 d5 28. Qxd5
Qxf5 29. Kg2 Nd8 30. Bd7 Ne6 31. Kh2 h5 32. h4 Rg4 33. Rc4 R4g7 34. Qxb7 Bf8 35.
Qe4 Qxe4 36. Rxe4 Be7 37. Rc4 Bd8 38. a4 f5 39. Bxe6 fxe6 40. Bg5 Bxg5 41. hxg5
Rxg5 42. c6 f4 43. Rc3 h4 44. c7 fxg3+ 45. fxg3 hxg3+ 46. Kg2 Rc8 47. Rd8+ Rg8
48. Rxc8 Rxc8 49. b5 1-0

[Event "Titled Tue 20th May Early"]
[Site "chess.com INT"]
[Date "2025.05.20"]
[Round "8"]
[White "Bortnyk, Olexandr"]
[Black "Xue, Haowen"]
[Result "0-1"]
[WhiteTitle "GM"]
[BlackTitle "GM"]
[WhiteElo "2601"]
[BlackElo "2518"]
[WhiteFideId "14120828"]
[BlackFideId "8625492"]
[EventDate "2025.05.20"]

1. e4 c6 2. d4 d5 3. Nc3 dxe4 4. Nxe4 Nf6 5. Nxf6+ exf6 6. c3 Bd6 7. Bd3 O-O 8.
Qc2 Re8+ 9. Ne2 h5 10. O-O h4 11. Nf4 Nd7 12. Qd1 Nf8 13. Qh5 Qc7 14. g3 Bd7 15.
Kh1 c5 16. Be3 cxd4 17. cxd4 Rad8 18. Rac1 Bc6+ 19. Kg1 Bxf4 20. Bxf4 Qd7 21.
Bc4 hxg3 22. hxg3 Bd5 23. Bd3 Bc6 24. Bc4 Bd5 25. Be2 g6 26. Qg4 f5 27. Qh4 Rxe2
28. Rc7 Qe8 29. Be5 Rxe5 30. dxe5 Rd7 31. Rxd7 Qxd7 32. Rd1 Qc6 33. Qf6 Ne6 34.
b4 Qc4 35. Qh4 f4 36. gxf4 Qe4 37. f3 Qe3+ 38. Kh2 Qe2+ 0-1

[Event "Titled Tue 20th May Early"]
[Site "chess.com INT"]
[Date "2025.05.20"]
[Round "8"]
[White "Mohammadi, Melika"]
[Black "Piorun, Kacper"]
[Result "0-1"]
[WhiteTitle "WFM"]
[BlackTitle "GM"]
[WhiteElo "2205"]
[BlackElo "2577"]
[WhiteFideId "42529271"]
[BlackFideId "1130420"]
[EventDate "2025.05.20"]

1. e4 c5 2. Nf3 d6 3. c3 Nf6 4. Bd3 g6 5. Bc2 Bg7 6. d4 cxd4 7. cxd4 O-O 8. O-O
Bg4 9. Be3 Nc6 10. Nbd2 e5 11. d5 Ne7 12. h3 Bd7 13. a4 Nh5 14. Nc4 Nc8 15. Nfd2
Nf4 16. Bxf4 exf4 17. Nf3 b5 18. axb5 Bxb5 19. Bd3 Bxc4 20. Bxc4 Bxb2 21. Rb1
Bg7 22. Nd4 Nb6 23. Be2 Bxd4 24. Qxd4 Nd7 25. Rfc1 Ne5 26. Rb7 f3 27. Bf1 a5 28.
Ra1 Qg5 29. g3 Rfc8 30. Rb6 Qe7 31. Rb5 Qd8 32. Qa4 h5 33. Kh2 h4 34. g4 Qf6 35.
Qa3 Rc2 36. Kg1 Qf4 37. Rxa5 Rac8 38. Qxd6 Rxf2 39. Kxf2 Rc2+ 40. Be2 fxe2+ 41.
Ke1 Nd3# 0-1

[Event "Titled Tue 20th May Early"]
[Site "chess.com INT"]
[Date "2025.05.20"]
[Round "8"]
[White "Boramanikar, Tanisha S"]
[Black "Flis, Pawel"]
[Result "1-0"]
[WhiteTitle "WCM"]
[BlackTitle "CM"]
[WhiteElo "1743"]
[BlackElo "1954"]
[WhiteFideId "35023454"]
[BlackFideId "1112864"]
[EventDate "2025.05.20"]

1. e4 c5 2. Nf3 d6 3. Bb5+ Bd7 4. Bxd7+ Qxd7 5. O-O Nc6 6. c3 Nf6 7. Qe2 g6 8.
d4 Bg7 9. Rd1 b6 10. e5 Nd5 11. dxc5 bxc5 12. Rxd5 O-O 13. Bf4 Qf5 14. Bg3 dxe5
15. Nbd2 Qc2 16. Nxe5 e6 17. Rxc5 Ne7 18. Rc7 Nf5 19. Re1 Qxb2 20. Ndf3 Qb6 21.
Qc4 h5 22. Nd7 Qa5 23. Nxf8 Rxf8 24. Rc5 Qa3 25. Be5 Bh6 26. Rc8 h4 27. Rxf8+
Bxf8 28. Nxh4 Nxh4 29. Qxh4 Bg7 30. Bxg7 Kxg7 31. Qd4+ Kg8 32. Rd1 Qxa2 33. Qd8+
Kg7 34. Qd4+ Kg8 35. Qf6 Kh7 36. Qxf7+ Kh6 37. Qf8+ Kg5 38. Qe7+ Kh6 39. Qh4+ 1-0

[Event "Titled Tue 20th May Early"]
[Site "chess.com INT"]
[Date "2025.05.20"]
[Round "8"]
[White "Guliev, Gasan"]
[Black "Kawka, Milena"]
[Result "1-0"]
[WhiteTitle "CM"]
[BlackTitle "WCM"]
[WhiteElo "2123"]
[BlackElo "2004"]
[WhiteFideId "34165638"]
[BlackFideId "21095167"]
[EventDate "2025.05.20"]

1. d4 Nf6 2. Bg5 d5 3. e3 h6 4. Bxf6 exf6 5. Nd2 Bd6 6. c4 dxc4 7. Bxc4 O-O 8.
Qc2 f5 9. g3 Nd7 10. Ne2 Nf6 11. Bd3 g6 12. h4 h5 13. Nf4 Bd7 14. O-O-O Rc8 15.
Bc4 Kg7 16. Nf3 b5 17. Be2 c5 18. Kb1 cxd4 19. Qd3 Bc6 20. Qxd4 Be4+ 21. Ka1
Bxf4 22. gxf4 Qxd4 23. Rxd4 Rfd8 24. Rxd8 Rxd8 25. Rc1 Ng4 26. Nd4 a6 27. Rc7
Rd6 28. Bxg4 hxg4 29. b3 Rf6 30. Kb2 Kh6 31. Rc8 g3 32. fxg3 Kh5 33. Rh8+ Kg4
34. h5 gxh5 35. Rg8+ Kh3 36. Rg5 h4 37. gxh4 Kxh4 38. Kc3 Rg6 39. Nxf5+ Bxf5 40.
Rxf5 Rg3 41. Kd3 1-0

[Event "Titled Tue 20th May Early"]
[Site "chess.com INT"]
[Date "2025.05.20"]
[Round "8"]
[White "Sakun, Volodymyr"]
[Black "Haug, Havard"]
[Result "1-0"]
[WhiteTitle "FM"]
[BlackTitle "FM"]
[WhiteElo "2301"]
[BlackElo "2354"]
[WhiteFideId "14114062"]
[BlackFideId "1547887"]
[EventDate "2025.05.20"]

1. d4 Nf6 2. Nf3 e6 3. e3 b6 4. Bd3 Bb7 5. Nbd2 d5 6. Ne5 Nbd7 7. f4 Bd6 8. Qf3
c5 9. c3 Qc7 10. O-O g6 11. g4 h5 12. g5 Ng4 13. Nxd7 Qxd7 14. h3 e5 15. fxe5
Nxe5 16. dxe5 Bxe5 17. e4 O-O-O 18. exd5 Bxd5 19. Be4 Be6 20. Kg2 Bg4 21. hxg4
hxg4 22. Qxf7 Rh2+ 23. Kg1 Qxf7 24. Rxf7 g3 25. Nc4 Rd1+ 26. Rf1 Rxf1+ 27. Kxf1
Bc7 28. Be3 b5 29. Nd2 c4 30. Bg2 a5 31. Nf3 Rh8 32. Ke2 b4 33. cxb4 Re8 34. Rc1
axb4 35. Rxc4 Kd7 36. Kd3 Rh8 37. Bf4 Bb6 38. Rxb4 Bc5 39. Rc4 Bb6 40. Bxg3 Ke6
41. Rc6+ Kf5 42. Rxb6 Kg4 43. Be5 Rd8+ 44. Bd4 Rf8 45. Rxg6 Kg3 46. Bh1 Kg4 47.
Rf6 Rd8 48. g6 Kg3 49. g7 Rg8 50. Rf8 Rxg7 51. Bxg7 Kf2 52. Nd4+ 1-0

[Event "Titled Tue 20th May Early"]
[Site "chess.com INT"]
[Date "2025.05.20"]
[Round "8"]
[White "Neustroev, Victor"]
[Black "Erece, Ece Alkim"]
[Result "1-0"]
[WhiteTitle "FM"]
[BlackTitle "WCM"]
[WhiteElo "2283"]
[BlackElo "1843"]
[WhiteFideId "4144147"]
[BlackFideId "6346006"]
[EventDate "2025.05.20"]

1. e4 Nf6 2. e5 Nd5 3. d4 d6 4. c4 Nb6 5. Nf3 g6 6. Nc3 Bg7 7. exd6 cxd6 8. Be2
Bg4 9. O-O Nc6 10. d5 Bxf3 11. Bxf3 Ne5 12. Be2 O-O 13. a4 a5 14. b3 Nexc4 15.
bxc4 Bxc3 16. Rb1 Bg7 17. Be3 Nd7 18. Rxb7 Qc8 19. Rb5 Ne5 20. Bd4 Qf5 21. f4
Qe4 22. fxe5 dxe5 23. Bc5 Rfe8 24. Bd3 Qh4 25. Qf3 f5 26. Qf2 Qf6 27. Rb6 e6 28.
d6 e4 29. Be2 Rec8 30. Be3 Rd8 31. c5 e5 32. Bc4+ Kh8 33. d7 Qe7 34. c6 Qd6 35.
Bc5 Qc7 36. Rd1 f4 37. Bb5 e3 38. Qc2 Rab8 39. Rxb8 Rxb8 40. Bd6 Qb6 41. Bxb8
e2+ 42. Kh1 1-0

[Event "Titled Tue 20th May Early"]
[Site "chess.com INT"]
[Date "2025.05.20"]
[Round "8"]
[White "Mansurova, Mumtozbegim"]
[Black "Berezin, Viktor RUS"]
[Result "1-0"]
[WhiteTitle "WCM"]
[BlackTitle "FM"]
[WhiteElo "1768"]
[BlackElo "1921"]
[WhiteFideId "14215780"]
[BlackFideId "4128869"]
[EventDate "2025.05.20"]

1. e4 e5 2. d4 exd4 3. Qxd4 Nc6 4. Qe3 Nf6 5. e5 Ng4 6. Qe2 Ngxe5 7. f4 f6 8.
fxe5 fxe5 9. Nc3 Bc5 10. Nf3 O-O 11. Qc4+ d5 12. Qxc5 e4 13. Ng5 h6 14. Qxd5+
Qxd5 15. Nxd5 hxg5 16. Nxc7 Rb8 17. Bxg5 Bg4 18. Bc4+ Kh7 19. h3 Bh5 20. g4 Bf7
21. Bxf7 Rxf7 22. Nd5 Kg6 23. h4 Ne5 24. O-O-O Nxg4 25. Rdg1 Rbf8 26. Rxg4 Rf1+
27. Rxf1 Rxf1+ 28. Kd2 Rf2+ 29. Kd1 Kh5 30. Rxe4 Kg6 31. Re6+ Kh7 32. Re7 b5 33.
Rxa7 Rh2 34. Rb7 Rh1+ 35. Kd2 Rh2+ 36. Kd3 Rh3+ 37. Kd4 Rh2 38. Rxb5 Rxc2 39. a4
g6 40. a5 Kg7 41. a6 Kf7 42. a7 Ke6 43. a8=Q Rd2+ 44. Kc3 Rg2 45. Qe8+ Kf5 46.
Ne3# 1-0

[Event "Titled Tue 20th May Early"]
[Site "chess.com INT"]
[Date "2025.05.20"]
[Round "8"]
[White "Montano Vicente, Guadalupe"]
[Black "Le, Minh Tu"]
[Result "0-1"]
[BlackTitle "FM"]
[WhiteElo "1940"]
[BlackElo "1932"]
[WhiteFideId "5181399"]
[BlackFideId "12404888"]
[EventDate "2025.05.20"]

1. d4 d5 2. c4 dxc4 3. e4 e5 4. Nf3 exd4 5. Bxc4 Bb4+ 6. Bd2 Bxd2+ 7. Nbxd2 Nc6
8. Nb3 Nf6 9. O-O O-O 10. Re1 Bg4 11. e5 Nd5 12. h3 Bh5 13. Nbxd4 Nxd4 14. Qxd4
Bxf3 15. gxf3 Nb6 16. Rad1 Qxd4 17. Rxd4 Rad8 18. Rg4 Rfe8 19. Bb3 Rd2 20. f4 a5
21. f5 a4 22. Bxa4 Nxa4 23. Rxa4 Rxb2 24. Rc4 c6 25. a4 Rd2 26. Re3 Rd5 27. Rce4
h6 28. Kg2 Re7 29. Kg3 b5 30. axb5 cxb5 31. Kf4 Rd2 32. f3 Rb2 33. e6 b4 34.
exf7+ Rxf7 35. Re8+ Kh7 36. R8e7 Rf6 37. Rb7 Rg2 38. Ree7 Rg5 39. Rxb4 Rfxf5+
40. Ke3 Rg3 41. Rbb7 Rfxf3+ 42. Ke2 Rf6 0-1

[Event "Titled Tue 20th May Early"]
[Site "chess.com INT"]
[Date "2025.05.20"]
[Round "8"]
[White "Wagh, Suyog"]
[Black "Barria Zuniga, Daniel"]
[Result "0-1"]
[WhiteTitle "FM"]
[BlackTitle "IM"]
[WhiteElo "2319"]
[BlackElo "2341"]
[WhiteFideId "25071688"]
[BlackFideId "3400816"]
[EventDate "2025.05.20"]

1. e4 c5 2. Nf3 Nc6 3. d4 cxd4 4. Nxd4 e6 5. Nc3 a6 6. Be3 Na5 7. Qd2 b5 8.
O-O-O Bb7 9. Bd3 Rc8 10. Qe2 Rxc3 11. bxc3 Qc7 12. Nb3 Nf6 13. Bd2 Ba3+ 14. Kb1
O-O 15. g4 d5 16. f3 dxe4 17. fxe4 Nc4 18. g5 Nxd2+ 19. Qxd2 Nxe4 20. Bxe4 Bxe4
21. Rhf1 Rc8 22. h4 g6 23. Rf4 Bf5 24. h5 gxh5 25. Nd4 Bg6 26. Ne2 Be7 27. Rd4
Qe5 28. Rg1 Bc5 29. Rd8+ Rxd8 30. Qxd8+ Kg7 31. Nd4 Qe3 32. Qf6+ Kg8 33. Qd8+
Bf8 34. Rf1 Qxc3 35. Rf3 Bxc2+ 36. Kc1 Bd3+ 37. Kd1 Qa1+ 38. Kd2 Bg6 39. Nxe6
Qxa2+ 40. Kd1 Qxe6 0-1

[Event "Titled Tue 20th May Early"]
[Site "chess.com INT"]
[Date "2025.05.20"]
[Round "8"]
[White "Barseghyan, Armen Ar."]
[Black "Deichmann, Esteban Horacio"]
[Result "0-1"]
[WhiteTitle "IM"]
[WhiteElo "2348"]
[BlackElo "2085"]
[WhiteFideId "13306707"]
[BlackFideId "167410"]
[EventDate "2025.05.20"]

1. Nf3 g6 2. c4 Bg7 3. g3 c5 4. Bg2 Nc6 5. Nc3 e6 6. O-O Nge7 7. d3 d5 8. cxd5
Nxd5 9. Bd2 O-O 10. Qa4 Bd7 11. Rfc1 Nd4 12. Qd1 Nxc3 13. bxc3 Nxf3+ 14. Bxf3
Rb8 15. Rab1 b6 16. Bf4 e5 17. Be3 f5 18. Bd5+ Kh8 19. c4 f4 20. Bd2 Qf6 21. Qf1
Bc6 22. Bxc6 Qxc6 23. Qg2 f3 24. exf3 Rxf3 25. Be3 Rbf8 26. Rb3 e4 27. dxe4 Qxe4
28. Rd1 Qc2 29. Rbd3 Qxc4 30. Rd8 Qe2 31. h4 h5 32. Rxf8+ Bxf8 33. Rd8 Kh7 34.
Rd7+ Bg7 35. Rxa7 Kh8 36. Rc7 b5 37. Bxc5 b4 38. Qf1 Qe5 39. Rc8+ Kh7 40. Bxb4
Qf5 41. Rc7 Qe5 42. Re7 Qd4 43. Bd2 Rxg3+ 0-1

[Event "Titled Tue 20th May Early"]
[Site "chess.com INT"]
[Date "2025.05.20"]
[Round "8"]
[White "Arakelyan, Manvel"]
[Black "Dambaev, Dashi"]
[Result "1/2-1/2"]
[WhiteTitle "FM"]
[BlackTitle "CM"]
[WhiteElo "2326"]
[BlackElo "2211"]
[WhiteFideId "13317415"]
[BlackFideId "55628494"]
[EventDate "2025.05.20"]

1. e4 c5 2. Nf3 d6 3. Bb5+ Nd7 4. a4 Nf6 5. Nc3 g6 6. O-O Bg7 7. a5 O-O 8. Re1
a6 9. Bf1 e5 10. d3 Nb8 11. Nd2 Nc6 12. Nc4 Be6 13. b3 Bxc4 14. bxc4 Nxa5 15.
Bg5 h6 16. Bh4 Nc6 17. Qd2 Nd4 18. Re3 g5 19. Bg3 b5 20. Ree1 b4 21. Nd1 a5 22.
h4 Nh5 23. hxg5 Qxg5 24. Ne3 Nxg3 25. fxg3 Qxg3 26. Be2 Bf6 27. Nd5 Bg5 28. Qd1
Be3+ 29. Nxe3 Qxe3+ 30. Kh1 Kh8 31. Bg4 Qg5 32. Rf1 Rg8 33. Bh3 Rg7 34. Rf2 a4
35. Qf1 Ra7 36. Rf6 a3 37. Ra2 b3 38. cxb3 Nxb3 39. Rxd6 Nc1 40. Ra1 a2 41. Qf2
Nb3 42. Rxa2 Rxa2 43. Qxa2 Qc1+ 44. Kh2 Qf4+ 45. Kg1 Qc1+ 46. Kf2 Qf4+ 47. Ke1
Nd4 48. Qd2 Nf3+ 49. gxf3 Rg1+ 50. Ke2 Qh2+ 51. Ke3 Qf4+ 52. Ke2 Qh2+ 53. Ke3
Qf4+ 54. Kf2 Qh2+ 55. Ke3 1/2-1/2

[Event "Titled Tue 20th May Early"]
[Site "chess.com INT"]
[Date "2025.05.20"]
[Round "8"]
[White "Perez Rojas, Jorge"]
[Black "Tulendinov, Dinmukhammed"]
[Result "0-1"]
[WhiteTitle "FM"]
[BlackTitle "FM"]
[WhiteElo "2100"]
[BlackElo "2124"]
[WhiteFideId "3452093"]
[BlackFideId "13730860"]
[EventDate "2025.05.20"]

1. e4 c5 2. Nf3 e6 3. d4 cxd4 4. Nxd4 Nc6 5. Nxc6 bxc6 6. Bd3 d5 7. Nd2 Nf6 8.
O-O Be7 9. Re1 O-O 10. c4 Bb7 11. Qc2 h6 12. b3 d4 13. Nf3 c5 14. h3 Nd7 15. Bf4
f6 16. Bg3 Qb6 17. Nh4 Rfe8 18. Ng6 Bd8 19. e5 f5 20. h4 Qc6 21. f3 Nf8 22. Nf4
Ba5 23. Re2 Bc3 24. Rf1 a5 25. a4 Rab8 26. Qc1 Ba8 27. Bc2 Qd7 28. Nd3 Rec8 29.
Be1 Bxe1 30. Qxe1 Qf7 31. Qxa5 Nd7 32. Qe1 g5 33. hxg5 hxg5 34. Qg3 Qg7 35. f4
g4 36. Kf2 Kf7 37. Rh1 Rh8 38. Ree1 Be4 39. Nc1 Bxc2 40. a5 Be4 41. a6 Ra8 42.
b4 Rxa6 43. bxc5 Nxc5 44. Rxh8 Qxh8 0-1

[Event "Titled Tue 20th May Early"]
[Site "chess.com INT"]
[Date "2025.05.20"]
[Round "8"]
[White "Srihari, L R"]
[Black "Yelisieiev, Yevhenii"]
[Result "1-0"]
[WhiteTitle "IM"]
[BlackTitle "IM"]
[WhiteElo "2468"]
[BlackElo "2412"]
[WhiteFideId "46617116"]
[BlackFideId "14139642"]
[EventDate "2025.05.20"]

1. c4 d6 2. Nc3 e5 3. d4 exd4 4. Qxd4 Nc6 5. Qd2 g6 6. b3 Bg7 7. Bb2 Nge7 8. g3
a5 9. Bg2 O-O 10. Nh3 Nd4 11. Nf4 Bf5 12. O-O Qc8 13. Ncd5 Ndc6 14. Bf6 Nxd5 15.
Nxd5 Be6 16. Qc3 Bh6 17. e3 Re8 18. Rac1 Bf8 19. Rfe1 Ne7 20. Bd4 Bxd5 21. cxd5
c5 22. dxc6 bxc6 23. Bxc6 Nxc6 24. Qxc6 Qxc6 25. Rxc6 Rec8 26. Rec1 Rxc6 27.
Rxc6 d5 28. Kg2 a4 29. bxa4 Rxa4 30. Rc8 Rc4 31. Ra8 f5 32. a4 Kf7 33. a5 Bc5
34. Be5 Ra4 35. a6 Ke6 36. Re8+ Kf7 37. Rc8 Bb6 38. Rc6 Bd8 39. Bd4 Ra2 40. a7
Ke8 41. Rc8 Kd7 42. a8=Q 1-0

[Event "Titled Tue 20th May Early"]
[Site "chess.com INT"]
[Date "2025.05.20"]
[Round "8"]
[White "Bratovic, Blaz"]
[Black "Souleidis, Georgios"]
[Result "0-1"]
[WhiteTitle "IM"]
[BlackTitle "IM"]
[WhiteElo "2319"]
[BlackElo "2418"]
[WhiteFideId "14603551"]
[BlackFideId "4206827"]
[EventDate "2025.05.20"]

1. e4 c5 2. Nf3 e6 3. c3 d5 4. e5 d4 5. Bd3 Bd7 6. O-O Bc6 7. Re1 Ne7 8. b4 dxc3
9. dxc3 cxb4 10. cxb4 Nd7 11. b5 Bxf3 12. Qxf3 Nd5 13. Nd2 Bb4 14. Rb1 Qe7 15.
Be4 N7b6 16. a3 Bc3 17. a4 O-O 18. Rb3 Rfc8 19. Ba3 Qg5 20. Qh3 g6 21. Nf3 Qh5
22. Qxh5 gxh5 23. Rc1 Ba5 24. Nd4 Rxc1+ 25. Bxc1 Rc8 26. Rg3+ Kf8 27. Bh6+ Ke7
28. Rg7 Rc4 29. Bxd5 Nxd5 30. Nf3 Rxa4 31. h3 Ra1+ 32. Kh2 Bc7 33. Bg5+ Kf8 34.
Rxh7 f6 35. Bh6+ Kg8 36. Rd7 Bxe5+ 37. Nxe5 fxe5 38. Rxb7 Ra2 39. Kg3 h4+ 40.
Kxh4 Rxf2 41. g4 Rf7 42. Rb8+ Kh7 43. Bd2 e4 44. Ba5 e3 45. g5 e2 46. Kh5 Rf3
47. Re8 Re3 0-1

[Event "Titled Tue 20th May Early"]
[Site "chess.com INT"]
[Date "2025.05.20"]
[Round "8"]
[White "Parfenov, Viktor N."]
[Black "Marchesich, Giovanni"]
[Result "0-1"]
[WhiteTitle "CM"]
[BlackTitle "CM"]
[WhiteElo "2193"]
[BlackElo "2219"]
[WhiteFideId "4165969"]
[BlackFideId "2824790"]
[EventDate "2025.05.20"]

1. d4 d6 2. e4 Nf6 3. Nc3 Nbd7 4. Nf3 e5 5. Rg1 g6 6. g4 exd4 7. Nxd4 Bg7 8. g5
Nh5 9. Be3 h6 10. h4 hxg5 11. hxg5 Nc5 12. Be2 Qe7 13. Nd5 Qd8 14. Nb5 Ne6 15.
Ndxc7+ Nxc7 16. Nxd6+ Kf8 17. Bc5 Kg8 18. Bc4 Ne6 19. Ba3 Qa5+ 20. Ke2 b5 21.
Nxc8 Nhf4+ 22. Kf3 Rxc8 23. Bxe6 Nxe6 24. c3 b4 25. Bxb4 Qe5 26. Qd5 Rh3+ 27.
Rg3 Nxg5+ 28. Kg2 Rxg3+ 29. fxg3 Qxe4+ 30. Qxe4 Nxe4 31. Re1 f5 32. g4 Rd8 33.
gxf5 gxf5 34. Kf3 Rd2 35. Kf4 Rf2+ 36. Ke3 Rxb2 37. Rd1 Bh6+ 38. Kd4 Rxa2 39.
Ke5 Nxc3 40. Rd8+ Kf7 41. Kxf5 Nb5 42. Rd7+ Ke8 43. Re7+ Kd8 44. Rb7 Nc7 45. Bd6
Ne8 46. Be5 Bf8 47. Ke6 Ra6+ 48. Kf7 Nd6+ 49. Kxf8 Nxb7 0-1

[Event "Titled Tue 20th May Early"]
[Site "chess.com INT"]
[Date "2025.05.20"]
[Round "8"]
[White "Sadey, Rinoa Mariel"]
[Black "Torres Rebolledo, Alvaro"]
[Result "0-1"]
[BlackTitle "FM"]
[WhiteElo "1760"]
[BlackElo "2336"]
[WhiteFideId "5255945"]
[BlackFideId "54587670"]
[EventDate "2025.05.20"]

1. d4 Nf6 2. c4 g6 3. Nc3 Bg7 4. e4 d6 5. h3 Kf8 6. Be3 Nbd7 7. g4 h5 8. g5 Ne8
9. Qd2 Kg8 10. f4 e5 11. Nf3 exd4 12. Nxd4 Nc5 13. b4 Ne6 14. Bg2 a5 15. b5 Kh7
16. Rf1 Bd7 17. Kf2 f6 18. Kg1 fxg5 19. f5 Nxd4 20. Bxd4 gxf5 21. exf5 Bxd4+ 22.
Qxd4 Qf6 23. Qd3 c6 24. bxc6 bxc6 25. Rae1 Kh6 26. Ne4 Qe5 27. f6 Bf5 28. f7 Ng7
29. Qxd6+ Qxd6 30. Nxd6 Bg6 31. Rf6 Kh7 32. Bxc6 Rad8 33. Ne8 Nxe8 34. fxe8=Q
Bxe8 35. Bxe8 Rhxe8 36. Rxe8 Rxe8 37. Ra6 Re5 38. Rc6 Re3 39. Rc5 Kg6 40. Rxa5
Rxh3 41. c5 Rc3 42. Ra6+ Kf5 0-1

[Event "Titled Tue 20th May Early"]
[Site "chess.com INT"]
[Date "2025.05.20"]
[Round "8"]
[White "Lukiyanchuk, Vladislav"]
[Black "Hernandez Izquierdo, Jose A."]
[Result "1-0"]
[BlackTitle "IM"]
[WhiteElo "2299"]
[BlackElo "2223"]
[WhiteFideId "14127113"]
[BlackFideId "3527263"]
[EventDate "2025.05.20"]

1. Nf3 f5 2. b3 Nf6 3. Bb2 g6 4. c4 Bg7 5. Nc3 O-O 6. Qc2 d6 7. d4 c6 8. e3 a5
9. Be2 Na6 10. a3 Nc7 11. O-O Qe8 12. e4 fxe4 13. Nxe4 Nxe4 14. Qxe4 Bf5 15. Qe3
Qd7 16. h3 Rae8 17. g4 Bxg4 18. hxg4 Qxg4+ 19. Kh1 e5 20. dxe5 Bxe5 21. Nxe5
Qh4+ 22. Kg2 Rf5 23. f4 dxe5 24. Rh1 Qf6 25. Raf1 Ne6 26. fxe5 Rg5+ 27. Kh2 Qg7
28. Rf3 Nf4 29. Rxf4 Qh6+ 30. Qh3 Rh5 31. Bxh5 Qxf4+ 32. Qg3 Qd2+ 33. Qg2 Qf4+
34. Kh3 Qf5+ 35. Bg4 Qd3+ 36. Qg3 Qd2 37. Rh2 Qh6+ 38. Kg2 Qd2+ 39. Qf2 Qd3 40.
e6 Qe4+ 41. Kg3 Rf8 42. Qe2 Qf4+ 43. Kg2 h5 44. e7 Re8 45. Be6+ Kh7 46. Rh3 Qg5+
47. Rg3 Qxe7 48. Re3 Qg5+ 49. Kh3 Rf8 50. Rf3 Re8 51. Rf7+ Kg8 52. Rf5+ Rxe6 53.
Qxe6+ Kh7 54. Qf7+ Kh6 55. Qg7# 1-0

[Event "Titled Tue 20th May Early"]
[Site "chess.com INT"]
[Date "2025.05.20"]
[Round "8"]
[White "Maycock Bates, David Henry"]
[Black "Marynychenko, Yehor"]
[Result "1-0"]
[WhiteTitle "CM"]
[BlackTitle "CM"]
[WhiteElo "2274"]
[BlackElo "2183"]
[WhiteFideId "5142547"]
[BlackFideId "34160558"]
[EventDate "2025.05.20"]

1. d4 Nf6 2. Bg5 g6 3. Nd2 Bg7 4. e4 d6 5. Bd3 e5 6. d5 h6 7. Bh4 g5 8. Bg3 Nbd7
9. c4 Nc5 10. Bc2 a5 11. Ne2 Nh5 12. Nf1 Nf4 13. Ne3 O-O 14. h4 g4 15. Nxf4 exf4
16. Bxf4 Bxb2 17. Bxh6 Bc3+ 18. Kf1 Re8 19. Rc1 Bg7 20. Bg5 f6 21. Bf4 Nxe4 22.
Nxg4 f5 23. Nh6+ Bxh6 24. Bxh6 Qf6 25. Bg5 Qg7 26. Rh3 f4 27. Rb3 Nxg5 28. hxg5
Qxg5 29. Qd3 Qg7 30. Qf3 Rf8 31. Re1 Bg4 32. Qe4 Bf5 33. Qxf5 Rxf5 34. Bxf5 b6
35. Be6+ Kf8 36. Rf3 Qh6 37. Re4 Ke7 38. Bh3+ Kd8 39. Rexf4 Ke7 40. Rf7+ Ke8 41.
Bd7+ Kd8 42. Bc6 Qc1+ 43. Ke2 Qxc4+ 44. Ke3 Qc3+ 45. Ke4 Qc4+ 46. Kf5 Rb8 47.
Ke6 1-0

[Event "Titled Tue 20th May Early"]
[Site "chess.com INT"]
[Date "2025.05.20"]
[Round "8"]
[White "Sjugirov, Sanan"]
[Black "Nguyen, Ngoc Truong Son"]
[Result "0-1"]
[WhiteTitle "GM"]
[BlackTitle "GM"]
[WhiteElo "2638"]
[BlackElo "2632"]
[WhiteFideId "4189302"]
[BlackFideId "12401110"]
[EventDate "2025.05.20"]

1. d4 Nf6 2. c4 e6 3. Nc3 d5 4. cxd5 exd5 5. Bg5 c6 6. e3 h6 7. Bh4 Be7 8. Bd3
O-O 9. Nge2 Ne8 10. Bg3 Nd6 11. O-O Re8 12. Qc2 Bf8 13. Rae1 a5 14. Nf4 Na6 15.
a3 b5 16. Qc1 b4 17. Na4 Ne4 18. Bxe4 dxe4 19. Rd1 Bd7 20. axb4 axb4 21. Qc4 Qa5
22. Qb3 Nc7 23. Nc5 Bxc5 24. dxc5 Be6 25. Qc2 Nd5 26. Nxe6 Rxe6 27. Rd4 Qb5 28.
Rc1 f5 29. Bd6 Kh7 30. h3 Rg6 31. Qd1 Ra2 32. Rb1 Qa4 33. Qc1 Qb3 34. Kh2 Re6
35. Rd2 Re8 36. Qe1 Rea8 37. Qc1 Qa4 38. Qe1 Ra1 39. Rxa1 Qxa1 40. Qe2 Qa6 41.
Qh5 Qc8 42. Qf7 Nf6 43. Be5 Qe8 44. Qxe8 Nxe8 45. Bf6 Nxf6 0-1

[Event "Titled Tue 20th May Early"]
[Site "chess.com INT"]
[Date "2025.05.20"]
[Round "8"]
[White "Chogdov, Munkhbat"]
[Black "Setumadhav, Yellumahanthi"]
[Result "0-1"]
[WhiteTitle "FM"]
[BlackTitle "FM"]
[WhiteElo "2238"]
[BlackElo "2254"]
[WhiteFideId "13200860"]
[BlackFideId "25920669"]
[EventDate "2025.05.20"]

1. e4 e5 2. Nf3 Nc6 3. Bc4 Nf6 4. d3 Bc5 5. Nc3 a6 6. Bg5 h6 7. Bh4 g5 8. Bg3 d6
9. h4 g4 10. Nh2 Rg8 11. Qd2 Nd4 12. Ne2 Rg6 13. Nxd4 Bxd4 14. c3 Ba7 15. O-O-O
Nh5 16. Kb1 Qf6 17. Rhf1 Nf4 18. Bxf4 exf4 19. g3 f3 20. Rfe1 Be6 21. Bxe6 fxe6
22. Nf1 e5 23. Ne3 Bxe3 24. Qxe3 O-O-O 25. Qa7 c6 26. d4 Rgg8 27. Qb6 Qe7 28. a3
exd4 29. Rxd4 Rge8 30. Red1 h5 31. Ka1 Kb8 32. Rb4 Qc7 33. Qxa6 c5 34. Rb6 Rxe4
35. Qb5 Re2 36. a4 Rxf2 37. a5 Ka7 38. a6 Qxb6 39. Qxb6+ Kxb6 40. axb7 Kxb7 41.
Kb1 d5 42. Re1 Re2 43. Rf1 f2 44. Ka2 Re1 45. Rxf2 d4 46. cxd4 cxd4 47. Rf7+ Kc6
48. Rf6+ Rd6 49. Rf4 d3 50. Kb3 d2 0-1